banner-ar

تجارة الرقيق بين بلاد المغرب والسودان الغربى خلال عصرى المرابطين والموحدين : (Record no. 66939)

MARC details
000 -الفاتح
حقل البيانات ثابتة الطول 01163nam a2200253 4500
005 - وقت وتاريخ اخر تعامل مع التسجيلة
رقم الضبط 20240530110948.0
008 - عناصر البيانات ثابتة الطول - معلومات عامة
حقل البيانات ثابتة الطول 221205s2021 ua ab f b 000 0 ara d
017 ## - رقم الايداع القانونى
رقم الايداع القانونى 2020/9694
المصدر ( الهيئة المختصة) مصر. دار الكتب
020 ## - الرقم الدولى المعيارى للكتب
الرقم الدولى المعيارى للكتاب 9789773224240
040 ## - مصدر الفهرسة
وكالة الفهرسة الأصلية EG-CaGPL
وكالة النسخ EG-CaGPL
082 04 - رقم تصنيف ديوى العشرى
رقم الطبعة 21
رقم التصنيف 380.144
رقم المادة ف ت
100 0# - المدخل الرئيسى - إسم شخصى
الإسم الشخصى فريد عبدالرشيد المهندس
245 10 - بيان العنوان
العنوان تجارة الرقيق بين بلاد المغرب والسودان الغربى خلال عصرى المرابطين والموحدين :
بقية العنوان 448 - 668 هـ / 1056 - 1269 م/
بيان المسئوليه,etc فريد عبدالرشيد المهندس
250 ## - بيان الطبعة
بيان الطبعة ط.1
260 ## - PUBLICATION, DISTRIBUTION, ETC. (IMPRINT)
تاريخ النشر أو التوزيع 2020.
300 ## - الوصف المادى
التعداد 288 ص. :
تفاصيل ماديه اخرى للوعاء ايض ؛
أبعاد الوعاء 24 سم.
504 ## - تبصرة ببليوجرافية
تبصرة ببليوجرافية,الخ يشتمل على ارجاعات ببليوجرافية
650 07 - المدخل الاضافى بالموضوع-مصطلح موضوعى
مصدر الرأس أو المصطلح qrmak
مصطلح موضوعي تجارة الرقيق
التقسيم الفرعي الجغرافي السودان الغربى
650 07 - المدخل الاضافى بالموضوع-مصطلح موضوعى
مصدر الرأس أو المصطلح qrmak
مصطلح موضوعي تجارة الرقيق
التقسيم الفرعي الجغرافي المغرب
650 07 - المدخل الاضافى بالموضوع-مصطلح موضوعى
مصدر الرأس أو المصطلح qrmak
مصطلح موضوعي العبودية
650 07 - المدخل الاضافى بالموضوع-مصطلح موضوعى
مصدر الرأس أو المصطلح qrmak
مصطلح موضوعي التجارة الخارجية
942 ## - عناصر المدخل الإضافي( كوها)
مصدر التصنيف او مخطط الترفيف Dewey Decimal Classification
Koha [default] item type كتاب
260 ## - PUBLICATION, DISTRIBUTION, ETC. (IMPRINT)
-- القاهرة :
-- عين للدراسات و البحوث الانسانية و الاجتماعية،
Holdings
حالة التراجع حالة الفقد حالة تلف ليس للاعارة المكان المؤقت الموقع الحالى موقع الترفيف تاريخ الاكتساب اجمالي اﻻعارات رقم الطلب الباركود تاريخ اخر مشاهدة تاريخ تفعيل السعر نوع وعاء كوها
        مكتبة القاهرة الكبرى مكتبة القاهرة الكبرى ق الرئيسية_العلوم الاجتماعية_ك عربى 12/05/2022   380.144 ف ت 168946 12/05/2022 12/05/2022 كتاب

Powered By

EGPV